000 00440nam a2200181Ia 4500
001 13669
005 20260306164818.0
008 260306t1999||||xx |||||||||||||| ||spa||
041 _aESP
082 _a005.117
_bM48
100 _aMeyer Bertrand
_eAUT
245 0 _aConstrucción de software orientado a objetos
260 _c1999
300 _a1198 páginas :
_c26 cm.
650 _aGEN
654 _aCCC
942 _cLIB
_dJUS
_fJUS
_2ddc
_n
999 _c13669
_d13669